Analýza konkurencieschopnosti regiónov metodológiou DEA diplomová práca

Gespeichert in:
Bibliographische Detailangaben
1. Verfasser: Kováčová, Veronika
Körperschaft: Fakulta hospodárskej informatiky EU. Katedra operačného výskumu a ekonometrie
Weitere Verfasser: Furková, Andrea, 1975-
Format: Buch
Sprache:Slowakisch
Veröffentlicht: Bratislava 2012
Tags: Tag hinzufügen
Keine Tags, Fügen Sie das erste Tag hinzu!

MARC

LEADER 00000nbm a2200000 4500
001 0159242
005 20161109102235.6
041 0 |a slo 
044 |a SK 
245 1 0 |a Analýza konkurencieschopnosti regiónov metodológiou DEA  |b diplomová práca  |c Veronika Kováčová ; školiteľ: Andrea Furková 
264 1 |a Bratislava  |c 2012 
300 |a 65 s. 
100 1 |a Kováčová, Veronika 
700 1 |a Furková, Andrea, 1975- 
710 2 |a Fakulta hospodárskej informatiky EU. Katedra operačného výskumu a ekonometrie